| 000 | 01593cam a2200385 i 4500 | ||
|---|---|---|---|
| 999 |
_c1876 _d1876 |
||
| 001 | 1007124294605913 | ||
| 003 | OSt | ||
| 005 | 20230213145527.0 | ||
| 008 | 221107t20212021xxk e 000 1 eng d | ||
| 020 | _a9781398515697 | ||
| 020 | _a1398515698 | ||
| 035 | _a(EXLNZ-886UCO_NETWORK)99736101005911 | ||
| 040 |
_aSCU _beng _erda _cSCU _dKH8 |
||
| 042 | _anbic | ||
| 082 | _aFIC REI | ||
| 100 | 1 |
_aReid, Taylor Jenkins, _eauthor. |
|
| 245 | 1 | 4 |
_aThe seven husbands of Evelyn Hugo/ _cTaylor Jenkins Reid. |
| 246 | 3 | _a7 husbands of Evelyn Hugo. | |
| 250 | _aFirst Washington Square Press / Atria Paperback edition. | ||
| 264 | 1 |
_aLondon : _bSimon & Schuster Ltd, _c2021. |
|
| 264 | 4 | _c©2021. | |
| 300 |
_a389 pages ; _c21 cm. |
||
| 336 |
_atext _btxt _2rdacontent. |
||
| 337 |
_aunmediated _bn _2rdamedia. |
||
| 338 |
_avolume _bnc _2rdacarrier. |
||
| 500 | _aIncludes a reading guide and topic and questions for discussion. | ||
| 520 | _a"Aging and reclusive Hollywood movie icon Evelyn Hugo is finally ready to tell the truth about her glamorous and scandalous life. But when she chooses unknown magazine reporter Monique Grant for the job, no one in the journalism community is more astounded than Monique herself. Why her? Why now?"--Amazon.com. | ||
| 650 | 0 |
_aWomen journalists _vFiction. |
|
| 650 | 0 |
_aMotion picture actors and actresses _vFiction. |
|
| 650 | 0 |
_aMotion picture industry _vFiction. |
|
| 650 | 0 |
_aBiography _xAuthorship _vFiction. |
|
| 650 | 0 |
_aMan-woman relationships _vFiction. |
|
| 651 | 0 |
_aHollywood (Los Angeles, Calif.) _vFiction. |
|
| 942 |
_2ddc _cFIC |
||